000 00831cab a2200241 4500
001 WB3206-15
008 090401t1996 xxu||||| |||| 00| 0 eng d
035 _a(Sirsi) u21043
041 _aeng
245 _aProperty derivatives market
260 _c1996
350 _a0
490 _aFinancial Times
_v5 February 1996, 1; 9 February 1996, 26(2)
520 _aSome of the UK`s largest investment institutions are to launch a property derivatives market to reverse the decline of investment in the commercial property sector.
650 _aPROPERTY-COMMERCIAL PROPERTY
650 _aDERIVATIVES
650 _aINSTITUTIONAL INVESTMENT
650 _aLIQUIDITY
650 _aPROPERTY DERIVATIVES
690 _aPROPERTY-COMMERCIAL PROPERTY-COMMERCIAL PROPERTY FINANCE AND INVESTMENT
942 _n0
948 _c04/03/1997
999 _c14119
_d14119